HIV and your Community: (Record no. 864)

MARC details
000 -LEADER
fixed length control field 00636nam a22002057a 4500
005 - DATE AND TIME OF LATEST TRANSACTION
control field 20231123071441.0
008 - FIXED-LENGTH DATA ELEMENTS--GENERAL INFORMATION
fixed length control field 231123b |||||||| |||| 00| 0 eng d
020 ## - INTERNATIONAL STANDARD BOOK NUMBER
International Standard Book Number 9781904364986 (pbk)
040 ## - CATALOGING SOURCE
Original cataloging agency KMU
Transcribing agency KMU
Modifying agency KMU
Description conventions rda
050 ## - LIBRARY OF CONGRESS CALL NUMBER
Classification number RA 644.A25
100 ## - MAIN ENTRY--PERSONAL NAME
Personal name O'sullivan,Veena
245 ## - TITLE STATEMENT
Title HIV and your Community:
Remainder of title A facilitator's supplementary guide to Umoja/
Statement of responsibility, etc. Veena O'sullivan,Bill Crooks and Jackie Mouradian
260 ## - PUBLICATION, DISTRIBUTION, ETC.
Place of publication, distribution, etc. United Kingdom:
Name of publisher, distributor, etc. Tearfund,
Date of publication, distribution, etc. 2011.
300 ## - PHYSICAL DESCRIPTION
Extent 46 P.:
Other physical details ill.;
Dimensions 19cm.
650 ## - SUBJECT ADDED ENTRY--TOPICAL TERM
Source of heading or term oclc
Topical term or geographic name entry element HIV
650 ## - SUBJECT ADDED ENTRY--TOPICAL TERM
Source of heading or term OCLC
Topical term or geographic name entry element Community
700 ## - ADDED ENTRY--PERSONAL NAME
Personal name Crooks, Bill
700 ## - ADDED ENTRY--PERSONAL NAME
Personal name Mouradian,Jackie
942 ## - ADDED ENTRY ELEMENTS (KOHA)
Source of classification or shelving scheme Library of Congress Classification
Koha item type Non-Fiction
Suppress in OPAC No
Holdings
Withdrawn status Lost status Source of classification or shelving scheme Damaged status Not for loan Collection Home library Current library Shelving location Date acquired Source of acquisition Total Checkouts Full call number Barcode Date last seen Date last checked out Price effective from Koha item type
    Library of Congress Classification Damaged   Non-fiction Kapasa Makasa University Kapasa Makasa University Open Access 23.11.2023 ZLS 2 RA 644..A25 748929 20.03.2025 24.02.2025 23.11.2023 Non-Fiction
    Library of Congress Classification     Non-fiction Kapasa Makasa University Kapasa Makasa University Open Access 26.11.2024     RA 644.A25 O'su 748926 26.11.2024   26.11.2024 Non-Fiction
    Library of Congress Classification     Non-fiction Kapasa Makasa University Kapasa Makasa University Open Access 26.11.2024     RA 644.A25 O'su 748928 26.11.2024   26.11.2024 Non-Fiction
    Library of Congress Classification     Non-fiction Kapasa Makasa University Kapasa Makasa University Open Access 26.11.2024     RA 644.A25 O'su 748927 26.11.2024   26.11.2024 Non-Fiction